00413nam a2200181Ia 4500008004100000020001800041050001600059100001600075245002700091245001900118260001500137260001600152260000900168300001600177300002000193300001000213500000800223170918s9999 xx 000 0 und d a9780545360654 bH682ta 2011 aHobbs, Will aTake me to the river / cby Will Hobbs. aNew York : bScholastic, c2011 a184 pages : billustrations ; c19cm. a760